000 00849nam a2200217Ia 4500
008 220216s9999 xx 000 0 und d
100 _aNghia N A
245 0 _aEffect of ethephon concentration on yield and some physiological parameters of Hevea brasiliensis latex from controlled upward tapping on clone RRIM 600
260 _bIRRDB Symposium on Natural rubber(Hevea brasiliensis) V.II: Physiology and Exlpoitation and Crop Protection and Planting Methods Sessions, Vietnam, 14-15 October 1997; p46-60
650 _aControlled upward tapping
650 _aEthephon concentration
650 _aHevea brasiliensis latex
650 _aPhysiological parameters
650 _aRRIM 600
650 _aYield
700 _aGhandimathi H
700 _aMihdzar Abdul Kadir
700 _aMohd Fauzi Ramlan
700 _aYeang H Y
942 _cJS
999 _c57825
_d57825